00326nam a2200133Ia 450000500170000000800410001708200150005810000180007324500250009126000350011630000120015165000160016365000130017920250422053545.0240331s9999 xx 000 0 und d a200.8bSIV aSivathamby, K 0aMathamum kavithaiyum aChennaibMakkal Veliyiduc1999 a95 p ., aKavithaikal aSamaiyam